000 00444nam a2200181Ia 4500
003 IN-BaIIA
005 20250702104800.0
008 211028s9999 xx 000 0 eng d
040 _cIIA Library
080 _a535.1
_bHAR
100 _aHarway, A. F
_97086
245 0 _aCoherent Light
_cA. F. Harway
260 _aNew York
_bJohn Wiley & Sons
_c1970
300 _a1329p.
650 _aLight
_92428
650 _aPhysics
_973
942 _cBK
_2ddc
999 _c4007
_d4007